[Event "Kurnosov Memorial Rapid 2019"]
[Site "Chelyabinsk"]
[Date "2019.09.08"]
[Round "10.7"]
[White "Korneev, Oleg"]
[Black "Shaposhnikov, Evgeny"]
[Result "1-0"]
[WhiteElo "2508"]
[BlackElo "2572"]
[Annotator "RC"]
[PlyCount "211"]
[EventDate "2019.09.06"]
[EventType "swiss"]
[EventCountry "RUS"]
[SourceTitle "playchess.com"]
[Source "ChessBase"]
[SourceQuality "1"]
[TimeControl "900+10"]

1. e4 {[%emt 0:00:00]} e5 {[%emt 0:00:12]} 2. Bc4 {[%emt 0:00:00]} Nf6 {[%emt 0:00:04]} 3. d3 {[%emt 0:00:00]} c6 {[%emt 0:00:02]} 4. Nf3 {[%emt 0:00:00]} d5 {[%emt 0:00:03]} 5. Bb3 {[%emt 0:00:00]} Bb4+ {[%emt 0:00:08]} 6. Bd2 {[%emt 0:00:03]} Bxd2+ {[%emt 0:00:13]} 7. Qxd2 {[%emt 0:00:02]} a5 {[%emt 0:00:12]} 8. a3 {[%emt 0:00:15]} Nbd7 {[%emt 0:01:01]} 9. Nc3 {[%emt 0:00:18]} d4 {[%emt 0:00:23]} 10. Ne2 {[%emt 0:00:04]} O-O {[%emt 0:00:03]} 11. O-O {[%emt 0:00:13]} Nh5 {[%emt 0:00:17]} 12. Ng3 {[%emt 0:02:57]} Nxg3 {[%emt 0:00:34]} 13. fxg3 {[%emt 0:03:19]} Qe7 {[%emt 0:00:15]} 14. Ng5 {[%emt 0:00:38]} Nf6 {[%emt 0:00:20]} 15. h3 {[%emt 0:00:26]} h6 {[%emt 0:00:54]} 16. Nf3 {[%emt 0:00:10]} Be6 {[%emt 0:00:02]} 17. Bxe6 {[%emt 0:01:43]} Qxe6 {[%emt 0:00:01]} 18. g4 {[%emt 0:00:43]} Ne8 {[%emt 0:00:25]} 19. Nh4 {[%emt 0:01:23]} Nd6 {[%emt 0:00:08]} 20. g5 {[%emt 0:00:33]} Qe7 {[%emt 0:00:32]} 21. Nf5 {[%emt 0:01:14]} Nxf5 {[%emt 0:00:05]} 22. Rxf5 {[%emt 0:00:02]} hxg5 {[%emt 0:00:07]} 23. Rxg5 {[%emt 0:00:02]} f6 {[%emt 0:00:11]} 24. Rg3 {[%emt 0:00:07]} Kf7 {[%emt 0:00:31]} 25. Qe2 {[%emt 0:00:12]} Ke8 {[%emt 0:00:07]} 26. Qh5+ {[%emt 0:00:17]} Qf7 {[%emt 0:00:23]} 27. Qh7 {[%emt 0:00:21]} g5 {[%emt 0:01:04]} 28. Qf5 {[%emt 0:00:15]} Ke7 {[%emt 0:00:01]} 29. a4 {[%emt 0:00:28]} Qe6 {[%emt 0:00:20]} 30. Qf2 {[%emt 0:00:09]} Rh8 {[%emt 0:00:19]} 31. Rg4 {[%emt 0:00:53]} Rh6 {[%emt 0:00:12]} 32. Rf1 {[%emt 0:00:31]} Rah8 {[%emt 0:00:01]} 33. Qd2 {[%emt 0:00:10]} Ra8 {[%emt 0:00:48]} 34. b3 {[%emt 0:01:01]} Kd7 {[%emt 0:00:10]} 35. Rf5 {[%emt 0:00:16]} Qe7 {[%emt 0:00:47]} 36. Qf2 {[%emt 0:00:22]} Rg8 {[%emt 0:00:39]} 37. Qe1 {[%emt 0:01:05]} Qb4 {[%emt 0:00:09]} 38. Qf2 {[%emt 0:00:33]} Rgg6 {[%emt 0:00:01]} 39. Rg3 {[%emt 0:00:09]} Qc3 {[%emt 0:00:24]} 40. Rg4 {[%emt 0:00:26]} Qa1+ {[%emt 0:00:57]} 41. Kh2 {[%emt 0:00:12]} Qc1 {[%emt 0:00:07]} 42. Qe2 {[%emt 0:00:12]} Kc7 {[%emt 0:00:10]} 43. Rf1 {[%emt 0:00:04]} Qb2 {[%emt 0:00:03]} 44. Qd2 {[%emt 0:00:08]} Kb6 {[%emt 0:00:04]} 45. Kg1 {[%emt 0:00:10]} Qc3 {[%emt 0:00:20]} 46. Qf2 {[%emt 0:00:15]} Ka7 {[%emt 0:00:17]} 47. Kh2 {[%emt 0:00:03]} Rh5 {[%emt 0:00:55]} 48. Qe2 {[%emt 0:00:06]} Rgh6 {[%emt 0:00:04]} 49. Rf3 {[%emt 0:00:06]} Kb6 {[%emt 0:00:08]} 50. Qf2 {[%emt 0:00:06]} Ka7 {[%emt 0:00:11]} 51. Rxf6 {[%emt 0:00:07]} Rxf6 {[%emt 0:00:04]} 52. Qxf6 {[%emt 0:00:01]} Qxc2 {[%emt 0:00:02]} 53. Qxe5 {[%emt 0:00:10]} Qxd3 {[%emt 0:04:36]} 54. Qxa5+ {[%emt 0:00:21]} Qa6 {[%emt 0:00:02]} 55. Qd2 {[%emt 0:00:36]} c5 {[%emt 0:00:22]} 56. e5 {[%emt 0:00:01]} Qe6 {[%emt 0:00:08]} 57. Rxg5 {[%emt 0:00:13]} Rxg5 {[%emt 0:00:08]} 58. Qxg5 {[%emt 0:00:01]} d3 {[%emt 0:00:06]} 59. Qe3 {[%emt 0:00:17]} Qd5 {[%emt 0:00:09]} 60. e6 {[%emt 0:00:11]} d2 {[%emt 0:00:07]} 61. e7 {[%emt 0:00:05]} Qd6+ {[%emt 0:00:14]} 62. g3 {[%emt 0:00:05]} d1=Q {[%emt 0:00:09]} 63. e8=Q {[%emt 0:00:02]} Qc2+ {[%emt 0:00:44]} 64. Qe2 {[%emt 0:00:01]} Qxb3 {[%emt 0:00:03]} 65. Q8e5 {[%emt 0:00:18]} Qxe5 {[%emt 0:00:15]} 66. Qxe5 {[%emt 0:00:02]} b6 {[%emt 0:01:20]} 67. h4 {[%emt 0:00:05]} c4 {[%emt 0:00:15]} 68. h5 {[%emt 0:00:15]} c3 {[%emt 0:00:01]} 69. h6 {[%emt 0:00:07]} c2 {[%emt 0:00:05]} 70. Qc7+ {[%emt 0:00:09]} Ka6 {[%emt 0:00:02]} 71. h7 {[%emt 0:00:08]} Qb2 {[%emt 0:00:04]} 72. Qc8+ {[%emt 0:00:43]} Ka5 {[%emt 0:00:09]} 73. h8=Q {[%emt 0:00:07]} c1=Q+ {[%emt 0:00:12]} 74. Qxb2 {[%emt 0:00:03]} Qxb2+ {[%emt 0:00:02]} 75. Kh3 {[%emt 0:00:01]} Qb1 {[%emt 0:01:40]} 76. g4 {[%emt 0:00:16]} Qh1+ {[%emt 0:00:02]} 77. Kg3 {[%emt 0:00:01]} Qg1+ {[%emt 0:00:01]} 78. Kh4 {[%emt 0:00:14]} Kxa4 {[%emt 0:00:04]} 79. g5 {[%emt 0:00:22]} b5 {[%emt 0:00:18]} 80. Qa6+ {[%emt 0:00:21]} Kb4 {[%emt 0:00:03]} 81. Qd6+ {[%emt 0:00:11]} Kc4 {[%emt 0:00:37]} 82. g6 {[%emt 0:00:10]} b4 {[%emt 0:00:08]} 83. Qf4+ {[%emt 0:00:05]} Kc3 {[%emt 0:00:18]} 84. Qe5+ {[%emt 0:00:03]} Kc2 {[%emt 0:00:12]} 85. g7 {[%emt 0:00:12]} b3 {[%emt 0:00:17]} 86. Qe4+ {[%emt 0:00:21]} Kc3 {[%emt 0:00:19]} 87. Qf3+ {[%emt 0:00:11]} Kc2 {[%emt 0:00:16]} 88. Qf5+ {[%emt 0:00:02]} Kd2 {[%emt 0:00:13]} 89. Qd5+ {[%emt 0:00:07]} Kc2 {[%emt 0:00:16]} 90. Qc4+ {[%emt 0:00:17]} Kd2 {[%emt 0:00:20]} 91. g8=Q {[%emt 0:00:05]} Qh2+ {[%emt 0:00:02]} 92. Kg4 {[%emt 0:00:05]} Qg2+ {[%emt 0:00:11]} 93. Kf4 {[%emt 0:00:06]} Qf2+ {[%emt 0:00:05]} 94. Ke4 {[%emt 0:00:08]} Qe3+ {[%emt 0:00:07]} 95. Kf5 {[%emt 0:00:10]} Qh3+ {[%emt 0:00:10]} 96. Qgg4 {[%emt 0:00:09]} Qh7+ {[%emt 0:00:01]} 97. Kf4 {[%emt 0:00:14]} Qh2+ {[%emt 0:00:05]} 98. Ke4 {[%emt 0:00:13]} Qh7+ {[%emt 0:00:13]} 99. Qf5 {[%emt 0:00:08]} Qh1+ {[%emt 0:00:18]} 100. Kd4 {[%emt 0:00:13]} Qa1+ {[%emt 0:00:02]} 101. Kd5 {[%emt 0:00:11]} Qa8+ {[%emt 0:00:07]} 102. Qc6 {[%emt 0:00:11]} Qg8+ {[%emt 0:00:25]} 103. Kd4 {[%emt 0:00:15]} Qg7+ {[%emt 0:00:10]} 104. Qe5 {[%emt 0:00:11]} Qg1+ {[%emt 0:00:05]} 105. Kd5 {[%emt 0:00:08]} Qg8+ {[%emt 0:00:21]} 106. Kc5 {[%emt 0:00:12]} 1-0

[Event "Kurnosov Memorial Rapid 2019"]
[Site "Chelyabinsk"]
[Date "2019.09.08"]
[Round "10.8"]
[White "Mirzoev, Azer"]
[Black "Yudin, Sergei"]
[Result "1/2-1/2"]
[WhiteElo "2502"]
[BlackElo "2494"]
[Annotator "ChessBase"]
[PlyCount "95"]
[EventDate "2019.09.06"]
[EventType "swiss"]
[EventCountry "RUS"]
[SourceTitle "playchess.com"]
[Source "ChessBase"]
[SourceQuality "1"]
[TimeControl "900+10"]

1. d4 {[%emt 0:00:00]} d5 {[%emt 0:00:59]} 2. Nf3 {[%emt 0:00:02]} c6 {[%emt 0:00:02]} 3. e3 {[%emt 0:00:04]} Bf5 {[%emt 0:00:04]} 4. c4 {[%emt 0:00:35]} e6 {[%emt 0:00:07]} 5. Nc3 {[%emt 0:00:07]} Nd7 {[%emt 0:00:05]} 6. Bd3 {[%emt 0:00:01]} Bg6 {[%emt 0:00:14]} 7. O-O {[%emt 0:00:05]} Ngf6 {[%emt 0:00:06]} 8. b3 {[%emt 0:00:03]} Bd6 {[%emt 0:00:10]} 9. Bb2 {[%emt 0:00:43]} O-O {[%emt 0:00:47]} 10. h3 {[%emt 0:00:04]} Ne4 {[%emt 0:00:12]} 11. Qc2 {[%emt 0:00:55]} f5 {[%emt 0:00:29]} 12. Ne2 {[%emt 0:01:21]} Qf6 {[%emt 0:01:46]} 13. Nd2 {[%emt 0:00:46]} Bf7 {[%emt 0:03:00]} 14. f3 {[%emt 0:00:29]} Nxd2 {[%emt 0:00:13]} 15. Qxd2 {[%emt 0:00:06]} Qh6 {[%emt 0:01:32]} 16. Rad1 {[%emt 0:00:21]} Nf6 {[%emt 0:00:57]} 17. Bc1 {[%emt 0:03:20]} g5 {[%emt 0:01:28]} 18. e4 {[%emt 0:03:01]} fxe4 {[%emt 0:00:54]} 19. fxe4 {[%emt 0:00:02]} Nxe4 {[%emt 0:00:52]} 20. Bxe4 {[%emt 0:00:03]} dxe4 {[%emt 0:00:02]} 21. Qxg5+ {[%emt 0:00:57]} Qxg5 {[%emt 0:00:02]} 22. Bxg5 {[%emt 0:00:01]} Bh5 {[%emt 0:00:36]} 23. g4 {[%emt 0:00:51]} Bg6 {[%emt 0:00:08]} 24. Nf4 {[%emt 0:00:53]} Bxf4 {[%emt 0:02:56]} 25. Bxf4 {[%emt 0:00:01]} Rf7 {[%emt 0:00:13]} 26. Bh6 {[%emt 0:00:15]} a5 {[%emt 0:00:03]} 27. h4 {[%emt 0:01:31]} a4 {[%emt 0:00:16]} 28. h5 {[%emt 0:00:09]} Rxf1+ {[%emt 0:00:05]} 29. Rxf1 {[%emt 0:00:02]} Bf7 {[%emt 0:00:14]} 30. Re1 {[%emt 0:00:31]} axb3 {[%emt 0:00:02]} 31. axb3 {[%emt 0:00:01]} Ra3 {[%emt 0:00:08]} 32. Rxe4 {[%emt 0:00:09]} Rxb3 {[%emt 0:00:02]} 33. c5 {[%emt 0:00:04]} b5 {[%emt 0:00:16]} 34. cxb6 {[%emt 0:00:01]} Rxb6 {[%emt 0:00:01]} 35. Kf2 {[%emt 0:00:13]} Rb3 {[%emt 0:00:47]} 36. Re5 {[%emt 0:00:20]} Rb5 {[%emt 0:00:19]} 37. Re1 {[%emt 0:00:02]} e5 {[%emt 0:00:19]} 38. dxe5 {[%emt 0:00:17]} Be6 {[%emt 0:00:01]} 39. Re4 {[%emt 0:00:31]} Kf7 {[%emt 0:00:04]} 40. Rf4+ {[%emt 0:00:04]} Ke7 {[%emt 0:00:34]} 41. Bf8+ {[%emt 0:01:42]} Kd7 {[%emt 0:00:07]} 42. Bd6 {[%emt 0:00:22]} c5 {[%emt 0:00:25]} 43. g5 {[%emt 0:00:08]} c4 {[%emt 0:00:09]} 44. Ke3 {[%emt 0:00:32]} Rb3+ {[%emt 0:00:05]} 45. Kd2 {[%emt 0:00:11]} Rh3 {[%emt 0:00:06]} 46. g6 {[%emt 0:00:16]} hxg6 {[%emt 0:00:14]} 47. hxg6 {[%emt 0:00:01]} Rg3 {[%emt 0:00:07]} 48. Bb4 {[%emt 0:00:18]} 1/2-1/2

[Event "Kurnosov Memorial Rapid 2019"]
[Site "Chelyabinsk"]
[Date "2019.09.08"]
[Round "10.9"]
[White "Zhigalko, Andrey"]
[Black "Romanov, Evgeny"]
[Result "1/2-1/2"]
[WhiteElo "2478"]
[BlackElo "2579"]
[Annotator "ChessBase"]
[PlyCount "52"]
[EventDate "2019.09.06"]
[EventType "swiss"]
[EventCountry "RUS"]
[SourceTitle "playchess.com"]
[Source "ChessBase"]
[SourceQuality "1"]
[TimeControl "900+10"]

1. c4 {[%emt 0:00:00]} e5 {[%emt 0:00:24]} 2. Nc3 {[%emt 0:00:00]} Nc6 {[%emt 0:00:18]} 3. g3 {[%emt 0:00:09]} f5 {[%emt 0:00:29]} 4. Bg2 {[%emt 0:00:06]} Nf6 {[%emt 0:00:01]} 5. e3 {[%emt 0:00:26]} g6 {[%emt 0:00:38]} 6. d3 {[%emt 0:00:46]} Bg7 {[%emt 0:00:02]} 7. Nge2 {[%emt 0:00:01]} O-O {[%emt 0:00:04]} 8. O-O {[%emt 0:00:03]} d6 {[%emt 0:00:05]} 9. Rb1 {[%emt 0:00:04]} a5 {[%emt 0:00:40]} 10. b3 {[%emt 0:01:15]} Ne7 {[%emt 0:00:26]} 11. e4 {[%emt 0:01:17]} c6 {[%emt 0:00:23]} 12. d4 {[%emt 0:03:06]} Nxe4 {[%emt 0:02:51]} 13. Nxe4 {[%emt 0:00:04]} fxe4 {[%emt 0:00:01]} 14. dxe5 {[%emt 0:01:49]} Bxe5 {[%emt 0:00:57]} 15. Bxe4 {[%emt 0:00:23]} Bh3 {[%emt 0:01:00]} 16. Re1 {[%emt 0:01:37]} d5 {[%emt 0:00:45]} 17. cxd5 {[%emt 0:02:08]} Nxd5 {[%emt 0:00:02]} 18. Bxd5+ {[%emt 0:00:53]} Qxd5 {[%emt 0:01:36]} 19. Qxd5+ {[%emt 0:00:04]} cxd5 {[%emt 0:00:02]} 20. Bb2 {[%emt 0:01:04]} Bd6 {[%emt 0:01:45]} 21. Rbd1 {[%emt 0:00:14]} Rae8 {[%emt 0:00:48]} 22. Nd4 {[%emt 0:01:18]} Bb4 {[%emt 0:00:44]} 23. Rxe8 {[%emt 0:00:12]} Rxe8 {[%emt 0:00:01]} 24. f3 {[%emt 0:00:07]} h5 {[%emt 0:01:32]} 25. Kf2 {[%emt 0:00:03]} Bc5 {[%emt 0:00:05]} 26. Bc1 {[%emt 0:00:31]} Rc8 {[%emt 0:02:19]} 1/2-1/2

[Event "Kurnosov Memorial Rapid 2019"]
[Site "Chelyabinsk"]
[Date "2019.09.08"]
[Round "10.10"]
[White "Bezgodov, Alexei"]
[Black "Frolyanov, Dmitry"]
[Result "1/2-1/2"]
[WhiteElo "2459"]
[BlackElo "2545"]
[Annotator "ChessBase"]
[PlyCount "122"]
[EventDate "2019.09.06"]
[EventType "swiss"]
[EventCountry "RUS"]
[SourceTitle "playchess.com"]
[Source "ChessBase"]
[SourceQuality "1"]
[TimeControl "900+10"]

1. e4 {[%emt 0:00:00]} c5 {[%emt 0:00:00]} 2. Nc3 {[%emt 0:00:00]} Nc6 {[%emt 0:00:00]} 3. Bb5 {[%emt 0:00:00]} Nd4 {[%emt 0:00:00]} 4. Nf3 {[%emt 0:00:00]} e6 {[%emt 0:00:13]} 5. O-O {[%emt 0:00:08]} a6 {[%emt 0:00:07]} 6. Bd3 {[%emt 0:00:03]} Nc6 {[%emt 0:00:08]} 7. e5 {[%emt 0:00:54]} d6 {[%emt 0:03:22]} 8. exd6 {[%emt 0:00:14]} Nf6 {[%emt 0:00:43]} 9. Ne4 {[%emt 0:02:16]} Nxe4 {[%emt 0:02:22]} 10. Bxe4 {[%emt 0:00:07]} Qxd6 {[%emt 0:00:07]} 11. b4 {[%emt 0:02:37]} cxb4 {[%emt 0:00:46]} 12. Bb2 {[%emt 0:00:08]} Bd7 {[%emt 0:00:33]} 13. a3 {[%emt 0:00:17]} O-O-O {[%emt 0:00:26]} 14. Re1 {[%emt 0:00:35]} Be7 {[%emt 0:01:31]} 15. axb4 {[%emt 0:00:24]} f5 {[%emt 0:00:23]} 16. Bxc6 {[%emt 0:03:15]} Bxc6 {[%emt 0:00:10]} 17. Nd4 {[%emt 0:01:05]} Bf6 {[%emt 0:02:28]} 18. Rxe6 {[%emt 0:00:42]} Qxb4 {[%emt 0:00:03]} 19. Nxc6 {[%emt 0:01:43]} Qxb2 {[%emt 0:00:02]} 20. Rb1 {[%emt 0:00:12]} Rxd2 {[%emt 0:00:47]} 21. Qf1 {[%emt 0:00:04]} Qa2 {[%emt 0:00:25]} 22. Ne7+ {[%emt 0:02:27]} Bxe7 {[%emt 0:01:34]} 23. Rxe7 {[%emt 0:00:02]} Qd5 {[%emt 0:00:02]} 24. Rbxb7 {[%emt 0:00:46]} Qxb7 {[%emt 0:00:02]} 25. Qc4+ {[%emt 0:00:02]} Kd8 {[%emt 0:00:13]} 26. Rxb7 {[%emt 0:00:02]} Rd1+ {[%emt 0:00:01]} 27. Qf1 {[%emt 0:00:01]} Rxf1+ {[%emt 0:00:02]} 28. Kxf1 {[%emt 0:00:01]} Kc8 {[%emt 0:01:24]} 29. Ra7 {[%emt 0:00:10]} Kb8 {[%emt 0:00:05]} 30. Rxa6 {[%emt 0:00:01]} Rc8 {[%emt 0:00:17]} 31. Ra2 {[%emt 0:00:04]} Kb7 {[%emt 0:00:04]} 32. Ke2 {[%emt 0:00:03]} Kb6 {[%emt 0:00:03]} 33. Kd3 {[%emt 0:00:09]} Rd8+ {[%emt 0:00:16]} 34. Ke3 {[%emt 0:00:01]} Rc8 {[%emt 0:00:26]} 35. Kf4 {[%emt 0:00:17]} Rc5 {[%emt 0:00:04]} 36. f3 {[%emt 0:00:16]} h6 {[%emt 0:00:19]} 37. h4 {[%emt 0:00:09]} g6 {[%emt 0:00:01]} 38. g3 {[%emt 0:00:21]} Kb7 {[%emt 0:00:05]} 39. Ra4 {[%emt 0:00:24]} Rxc2 {[%emt 0:00:12]} 40. h5 {[%emt 0:00:02]} gxh5 {[%emt 0:00:19]} 41. Kxf5 {[%emt 0:00:25]} Rc5+ {[%emt 0:00:43]} 42. Kf4 {[%emt 0:00:01]} Kc7 {[%emt 0:00:29]} 43. Ra6 {[%emt 0:00:25]} Rc4+ {[%emt 0:00:14]} 44. Ke5 {[%emt 0:00:31]} h4 {[%emt 0:00:15]} 45. gxh4 {[%emt 0:00:25]} Rxh4 {[%emt 0:00:02]} 46. f4 {[%emt 0:00:02]} Rh1 {[%emt 0:00:35]} 47. f5 {[%emt 0:00:09]} h5 {[%emt 0:00:10]} 48. Rh6 {[%emt 0:00:22]} h4 {[%emt 0:00:07]} 49. Kf6 {[%emt 0:00:12]} h3 {[%emt 0:00:02]} 50. Kf7 {[%emt 0:00:03]} Rf1 {[%emt 0:00:13]} 51. f6 {[%emt 0:00:13]} Rf3 {[%emt 0:00:01]} 52. Ke7 {[%emt 0:00:02]} Re3+ {[%emt 0:00:03]} 53. Kf8 {[%emt 0:00:01]} Kd7 {[%emt 0:00:05]} 54. f7 {[%emt 0:00:10]} Rg3 {[%emt 0:00:02]} 55. Rh4 {[%emt 0:00:06]} Kd8 {[%emt 0:00:09]} 56. Rd4+ {[%emt 0:00:40]} Kc7 {[%emt 0:00:01]} 57. Ke7 {[%emt 0:00:18]} Re3+ {[%emt 0:00:01]} 58. Kf6 {[%emt 0:00:02]} Rf3+ {[%emt 0:00:18]} 59. Kg6 {[%emt 0:00:03]} Rg3+ {[%emt 0:00:00]} 60. Kf5 {[%emt 0:00:12]} Rf3+ {[%emt 0:00:05]} 61. Kg6 {[%emt 0:00:09]} Rg3+ {[%emt 0:00:00]} 1/2-1/2

[Event "Kurnosov Memorial Rapid 2019"]
[Site "Chelyabinsk"]
[Date "2019.09.08"]
[Round "11.1"]
[White "Bocharov, Dmitry"]
[Black "Ponkratov, Pavel"]
[Result "0-1"]
[WhiteElo "2519"]
[BlackElo "2644"]
[Annotator "TA"]
[PlyCount "94"]
[EventDate "2019.09.06"]
[EventType "swiss"]
[EventCountry "RUS"]
[SourceTitle "playchess.com"]
[Source "ChessBase"]
[SourceQuality "1"]

{[%evp 19,94,43,34,29,28,23,71,25,17,17,16,22,16,0,0,0,0,-4,0,-22,-28,-30,0,8,12,-67,4,0,0,-8,-6,-24,-26,-26,-26,-20,-20,-20,-35,-20,-28,-26,-24,-47,0,-3,-6,-5,0,0,292,0,0,-87,-8,-15,0,0,0,-237,-247,-276,-270,-295,-301,-937,-931,-928,-928,-902,-888,-1263,-1173,-1262,-1126,-928,-1090]} 1. Nf3 Nf6 2. c4 g6 3. d4 Bg7 4. g3 O-O 5. Bg2 d5 6. cxd5 Nxd5 7. O-O Nb6 8. Nc3 Nc6 {[%cal Bb8c6,Bc6b4,Bb4d3][%mdl 32]} 9. d5 Nb4 10. e4 c6 {[%cal Rc6d5]} 11. Qb3 {D76: Fianchetto Grünfeld: Main Line with 7...Nb6} (11. a3 Na6 12. dxc6 bxc6 13. Qc2 Be6 14. Rd1 Qc8 15. Nd4 Bg4 16. f3 c5 17. Nde2 Bh3 18. Bxh3 Qxh3 {1-0 (56) Banusz,T (2582)-Djukic,N (2515) Sarajevo 2012}) 11... Nd3 12. Be3 Bg4 $146 ({Predecessor:} 12... Nxb2 13. Qxb2 Na4 14. Nxa4 Bxb2 15. Nxb2 cxd5 16. Rfd1 Qa5 17. exd5 Rd8 18. Nd4 Bg4 {½-½ (27) Hedke,F (2237)-Souleidis,G (2412) Bad Wiessee 2015}) 13. dxc6 {White is better.} bxc6 14. Rad1 c5 15. Rd2 c4 16. Qc2 Qc8 17. Ne1 Nb4 18. Qb1 Rb8 19. a3 Nc6 20. Qc2 Rd8 21. Rxd8+ Qxd8 22. h3 (22. f4 $11) 22... Be6 (22... Bxc3 $1 $15 23. bxc3 (23. Qxc3 Be2 $17) 23... Bd1) 23. Nf3 Qd3 24. Qc1 Bxc3 25. bxc3 {aiming for Rd1.} Na4 26. Bd4 $1 Nxd4 (26... Qxe4 27. Re1 $18) 27. cxd4 Nc3 {Hoping for ...Ne2+.} 28. Kh2 $1 Ne2 ({Wrong is} 28... Nxe4 $2 29. Ne5 $18) 29. Qh6 {And now Ng5 would win.} f6 30. d5 Bf7 31. e5 $1 Bxd5 32. exf6 exf6 33. Ne1 $132 {[%mdl 2048] White puts up resistance} Qd4 34. Nc2 $1 {[%cal Rc2d4]} Qc5 $2 {[%mdl 8192]} (34... Qe5 $11 35. Bxd5+ Qxd5) 35. Bxd5+ $2 ({White has to play} 35. Qe3 $18 Qxe3 36. Bxd5+ Kg7 37. Nxe3) 35... Qxd5 $11 36. Ne3 (36. Qe3 $11 Qe5 37. Qxa7) 36... Qf3 (36... Qc6 $17 37. Qh4 c3) 37. Qh4 c3 38. Qc4+ Kh8 39. Qc7 $2 (39. Nc2 $11) 39... Rb7 $19 40. Qd6 {[%cal Rd6f8]} Kg7 41. a4 h5 {Strongly threatening ...h4!} 42. a5 $2 {[#]} (42. h4) 42... h4 $1 {[%mdl 512] Black is clearly winning.} 43. a6 (43. gxh4 Nf4) 43... Rf7 {...hxg3+ is the strong threat.} 44. gxh4 Nf4 45. Kg1 Nxh3+ 46. Kh2 Nxf2 {White must now prevent ...Qh3+.} 47. Qg3 {[#]} Ng4+ {Played: Qf3xe3} 0-1

[Event "Kurnosov Memorial Rapid 2019"]
[Site "Chelyabinsk"]
[Date "2019.09.08"]
[Round "11.2"]
[White "Movsesian, Sergei"]
[Black "Zhalmakhanov, Ramazan"]
[Result "1-0"]
[WhiteElo "2654"]
[BlackElo "2342"]
[Annotator "TA"]
[PlyCount "83"]
[EventDate "2019.09.06"]
[EventType "swiss"]
[EventCountry "RUS"]
[SourceTitle "playchess.com"]
[Source "ChessBase"]
[SourceQuality "1"]

{[%evp 22,83,0,0,19,0,3,6,41,40,75,35,45,42,41,42,34,27,66,72,67,42,39,25,31,6,27,43,94,64,80,66,64,58,62,61,46,49,125,103,239,247,250,255,276,281,364,349,414,413,384,376,418,415,424,283,428,424,370,65,1009,981,1574,1532]} 1. e4 c5 2. Nc3 d6 3. Nf3 Nf6 4. d4 cxd4 5. Qxd4 Nc6 6. Bb5 Bd7 7. Bxc6 Bxc6 8. Bg5 e6 9. Qd3 Qa5 10. O-O-O Be7 11. h4 h6 12. Bd2 Ng4 {B53: Sicilian: 2...d6: Lines with Qxd4} (12... Qa6 13. Nd4 Qxd3 14. cxd3 Ng4 15. Nxc6 bxc6 16. Rdf1 d5 17. Kc2 Bc5 18. Nd1 h5 19. Bc3 Nf6 20. f3 {1-0 (59) Hamdouchi,H (2580)-Navara,D (2727) Brest 2018}) 13. Be1 Qc5 14. Nd4 Ne5 {The position is equal.} 15. Qg3 Bf6 $146 ({Predecessor:} 15... O-O 16. Nb3 Qb6 17. Bd2 Kh7 18. Be3 Qc7 19. Bd4 Bf6 20. f4 {1-0 (35) Du,Y (2129)-Hu,Y (1976) Jiangmen 2018}) 16. Nb3 Qb6 17. f4 {[#] Threatens to win with Bf2.} Nc4 18. Bf2 Qc7 19. Bd4 a6 20. Bxf6 gxf6 21. Rhe1 O-O-O 22. Qf2 Rhg8 23. g3 Qb6 24. Qe2 Na5 (24... d5 $14) 25. Rd3 Nxb3+ 26. axb3 Kb8 27. Red1 Qc5 28. Qd2 Rc8 29. Kb1 Qb4 (29... f5 $14) 30. f5 e5 (30... Qc5 $16) 31. Re1 $18 (31. Qxh6 $6 Bxe4 32. Nxe4 Qxe4 $16) 31... h5 32. Qh6 ({Much less strong is} 32. Rxd6 $6 Rxg3 33. Rd8 (33. Rxf6 Qe7 $16) 33... Rg8) 32... Bb5 33. Rde3 a5 34. Qxf6 (34. Qxh5 Rgf8 $18) 34... Rc6 35. Qxf7 Rgc8 36. Qd5 Ba6 37. f6 a4 38. f7 a3 (38... axb3 $142 39. cxb3 Rf8) 39. Rf3 Bc4 40. Qd2 $2 {[#]} (40. Qxc6 $18 bxc6 41. f8=Q Rxf8 42. Rxf8+ Kc7 43. Rh8) 40... Bxb3 $2 {[%mdl 8192]} (40... axb2 $14 41. Kxb2 (41. f8=Q $2 Ra6 $19) 41... Bxf7) 41. cxb3 ({Less strong is} 41. f8=Q Ba2+ 42. Kc1 axb2+ 43. Kd1 Qxc3 $16 {[%mdl 64] Promotion}) 41... Qxb3 42. f8=Q {Accuracy: White = 59%, Black = 32%.} 1-0